Riconosci il Calciatore - Quiz n°23 - Statistics

Statistiche generali
  • Questo quiz è stato fatto 34 volte
  • Il punteggio medio è 15 su 16
Statistiche sulle risposte
Indizio Risposta % Corretto
Data di nascita 25/04/1993
100%
Ruolo Difensore
100%
Nazionalità Francia
100%
Squadra di club 1 Lens 2010-2011
100%
Squadra di club 3 Manchester United 2021-
100%
Squadra di club 2 Real Madrid 2011-2021
100%
Altezza 191 cm
97%
Gol in nazionale 5
93%
Peso 81 kg
93%
Presenze in nazionale 93
93%
Trofei per nazionali Campionato mondiale: 1
Russia 2018
UEFA Nations League: 1
2020-2021
93%
Trofei per club Campionato spagnolo: 3
Real Madrid: 2011-2012, 2016-2017, 2019-2020
Supercoppa di Spagna: 3
Real Madrid: 2012, 2017, 2020
Coppa di Spagna: 1
Real Madrid: 2013-2014
Coppa di Lega inglese: 1
Manchester United: 2022-2023
UEFA Champions League: 4
Real Madrid: 2013-2014, 2015-2016, 2016-2017, 2017-2018
Supercoppa UEFA: 3
Real Madrid: 2014, 2016, 2017
Coppa del mondo per club: 4
Real Madrid: 2014, 2016, 2017, 2018
93%
Trofei individuali Squadra della stagione della UEFA Champions League: 1
2017-2018
All-Star Team del campionato mondiale: 1
Russia 2018
Squadra dell'anno UEFA: 1
2018
FIFA FIFPro World XI: 1
2018
Squadra maschile dell'anno IFFHS: 1
2018
93%
Gol nei club 21
90%
Presenze nei club 471
90%
Calciatore Raphaël Varane
90%
Nessun quiz corrispondente trovato
Distribuzione punteggi
Percentuale di utenti per punteggio
Percentile per numero di risposta
I tuoi punteggi nel tempo
Non hai fatto questo quiz